Statistics for Politics Ideology Revision - 11

Click here to take the quiz!

General Stats

  • This quiz has been taken 4 times
  • The average score is 9 of 20

Answer Stats

QuestionAnswer% Correct
What is the type of anarchism that is based on trade union organisation and proposes a stateless society where workers are grouped into syndicates based on industrial occupations which will cooperate freely with each other for mutual benefit?Anarcho-Syndicalism
100%
Who was the key figure (1869-1940) that popularised many of anarchism's main ideas by connecting its ideals to the emancipation of the individual and the replacement of exploitation by the idea of mutual love?Emma Goldman
100%
Who was the key figure (1842-1921) that proposed the creation of natural communities as a brand of anarcho-communism?Peter Kropotkin
100%
What is the term given to the anarchist philosophy that proposes the transition to a society where there is complete economic freedom that is no longer restricted by the state?Anarcho-Capitalism
75%
What is the type of anarchism that believes humans are naturally empathetic and sociable, and that people are capable of self-government as a consequence?Anarcho-Communism
75%
What would be abolished within this system, due to its relation in creating inequality and suffering?Capitalism
75%
Who was the key figure (1814-76) that envisioned an ordered society based on the laws of nature and through voluntary communities?Mikhail Bakunin
75%
What was the key text that he wrote? It was published in 1902.Mutual Aid: A Factor of Evolution
75%
What is the term given to the negatative and pessamistic view that these times of anarchists have? It usually equates to believing that humanity is always selfish and there is no real purpose in life.Nihilism
50%
Who was the key figure (1809-65) that was the first to use the term 'anarchist', and was unique among anarchists due to his desire to peacefully abolish the state?Pierre-Joseph Proudhon
50%
What is the anarchist ideology that is based on self-interest and the desrie for complete personal autonomy?Egoism
25%
What was the key text that she wrote? It was published in 1931.Living My Life
25%
What is associated with the ideal world of the above ideology? In essence, survival of the fittest.Social-Darwinism
25%
This ideology is particularly insistent on what type of action to effectively destroy the state and capitalism? This includes strikes, civil disobediance, assassinations, and potentially revolution.Direct
0%
What was the key text that he wrote? It was published in 1871.God and the State
0%
Who was the key figure (1806-56) that was a major influence on individual anarchism?Max Stirner
0%
What is the idea common amongst most annarchists that suggests that there is a tendency for people to group together in mutually beneficial communities and to have empathy for each other?Solidarity
0%
What does this ideology most argue against when it comes to the state and its impact on economic systems?Taxation
0%
What was the key text that he wrote? It was published in 1845.The Ego and His Own
0%
What was the key text that he wrote? It was published in 1840.What is Property?
0%

Score Distribution

Percentile by Number Answered

Percent of People with Each Score

Your Score History

You have not taken this quiz